Регионална библиотека "Любен Каравелов" - Русе

Пътуването на Хонзик (Запис номер 148328)

MARC детайли
000 -Лидер
Контролно поле с фиксирана дължина nam a22 a 4500
003 - Код на организацията, давaща контролен номер
Контролно поле BLK
005 - Дата и час на последна редакция
Контролно поле 20230131144031.0
008 - Елементи от данни с фиксирана дължина
fixed length control field 180410b bul|||||r ||||||| ||bul||
010 ## - Наследен системен номер
LC control number KNG00154550000
040 ## - Източник на каталожния запис
Идентификатор на билиотеката - собственик на записа BLK
041 ## - Код за език
Код за езика на текст/звукозапис или на отделно заглавие Български
Код за езика КДБФ Български
080 ## - УДК
Текстов определител УДК Чешка литература
УДК код - определител по УДК 821.162.3
УДК определител -93-32
УДК - код + определител 821.162.3-93-32
100 1# - Редна дума - Автор
Автор Ржиха, Бохумил
Авторска отговорност първи автор
R(LIN) 115997
139 ## - Редно поле
Редна дума Ржиха, Бохумил
Авторски знак Реш - Р 57
245 10 - Сведения за заглавието
Заглавие Пътуването на Хонзик
Подзаглавни данни Повест за деца
Редно поле (дума) Бохумил Ржиха; прев. от чеш. Невена Захариева; худож. Александър Алексов.
257 ## - Страна на издаване
Страна на създаване/издаване Чехия
260 ## - Област на издателските данни
Име на издателя, разпространителя и проч. Нар. младеж
Година на издаване 1984
Място на издаване, разпространение и проч. София
300 ## - Физическа характеристика
Страници 107 с.
Илюстрации и др. с ил.
Размери/Мащаб 20 см
380 ## - Жанр
Жанр Детска худож. лит.
500 ## - Общи забележки
Забележка Ориг. загл. Honzikova cesta / Bohumil Riha. - 50 150 тир.
700 1# - Други автори (авторска отговорност)
Лично име Захариева, Невена
Автороска отговорност (Описва отношението между автора и произведението) прев. от чеш.
Друга информация Димитрова, Невена Захариева
9 (RLIN) 372671
700 1# - Други автори (авторска отговорност)
Лично име Алексов, Александър
Автороска отговорност (Описва отношението между автора и произведението) худож.
9 (RLIN) 372063
852 ## - Местоположение
Форматна сигнатура Цб 265736
Фондова буква Хранилище
999 ## - СИСТЕМНИ КОНТРОЛНИ НОМЕРА
Koha biblionumber 148328
Koha biblioitemnumber 148328
942 ## - АРТИКУЛИ
Вид на библиотечния материал Книги
Скрит в OPAC Не
Периодичен библиозапис Да
944 ## - СЪЗДАВАНЕ И РЕДАКЦИЯ на ЗАПИСА
Създаване/Редакция Създаване
Дата на регистрацията/редакция 09.12.2013
Статус, дата на статуса 09.12.2013 - от С1,Р / 09.12.2013
Служител, извършил регистрацията/редакцията Даниел_Канатов
944 ## - СЪЗДАВАНЕ И РЕДАКЦИЯ на ЗАПИСА
Създаване/Редакция Редакция
Дата на регистрацията/редакция 20.09.2017
Статус, дата на статуса 09.12.2013 - от С1,Р / 09.12.2013
Служител, извършил регистрацията/редакцията Севдалина_Василева
944 ## - СЪЗДАВАНЕ И РЕДАКЦИЯ на ЗАПИСА
Създаване/Редакция Редакция
Дата на регистрацията/редакция 2023-01-31
Статус, дата на статуса 2023-01-31
Служител, извършил регистрацията/редакцията Ренета Константинова
999 ## - СИСТЕМНИ КОНТРОЛНИ НОМЕРА
Koha biblioitemnumber 148328
Наличности
Код за отписване Код за изгубен артикул Източник на класификационната схема Код за повреда Коз за рестрикции Код за отдаване Артикулен № Име на библиотеката - собственик Име на библиотеката, в която се намира в момента Статус (Текущо местоположение) Дата на вписване в системата Местоположение - отдел Цена в лева Инвентарен номер Систематично азбучна сигнатура Баркод Номер на екземпляра Цена в евро Служебна бележка Служебен тип на артикула Бележка за публиката
  Не е изгубен Universal Decimal Classification Не е повреден само за читалня ползва се в читалня 246732 Регионална библиотека "Любен Каравелов" Русе Регионална библиотека "Любен Каравелов" Русе Хранилище 1984-01-01 Хранилище 0.50 412065 Цб 265736 120000412065 1 0.26 Дост: Dp Вид: Д N: стар фонд Дата: 01.01.1984 Книги  
Изтеглен Не е изгубен   Не е повреден без рестрикции заемане за дома 246733 Регионална библиотека "Любен Каравелов" Русе Регионална библиотека "Любен Каравелов" Русе   1984-01-01 Детски отдел 0.50 410462 ДХ 820/899/Р 57 410462 2 0.26 Дост: Pk Вид: Ф N: стар фонд Дата: 01.01.1984 Дата инв: 14.09.2015 Бележки инв: Д2015 Книги Отч.N: 33/2017 , Дата: 04.09.2017
Изтеглен Не е изгубен   Не е повреден без рестрикции заемане за дома 246734 Регионална библиотека "Любен Каравелов" Русе Регионална библиотека "Любен Каравелов" Русе   1984-01-01 Детски отдел 0.50 410463 ДХ 820/899/Р 57 410463 3 0.26 Дост: Pk Вид: Ф N: стар фонд Дата: 01.01.1984 Дата инв: 14.09.2015 Бележки инв: Д2015 Книги Отч.N: 33/2017 , Дата: 04.09.2017
Изтеглен Не е изгубен Universal Decimal Classification Не е повреден без рестрикции заемане за дома 246735 Регионална библиотека "Любен Каравелов" Русе Регионална библиотека "Любен Каравелов" Русе Детски отдел 1984-01-01 Детски отдел 0.50 410468 ДХ 820/899/Р 57 410468 4 0.26 Дост: Pk Вид: Ф N: стар фонд Дата: 01.01.1984 Дата инв: 14.09.2015 Бележки инв: Д2015 Книги  
Vip Innovations Ltd, Rousse, Bulgaria 2025